Plan de formación de la Provincia Mexicana de la Compañía de Jesús /

Na minha lista:
Detalhes bibliográficos
Autor Corporativo: Compañía de Jesús. Provincia Mexicana
Outros Autores: Orozco, Juan Luis (presentación) (presentación)
Formato: Livro
Idioma:espanhol
Publicado em: México : Buena Prensa, 2005
Tags: Adicionar Tag
Sem tags, seja o primeiro a adicionar uma tag!

MARC

LEADER 00000nam^a2200000^a^4500
001 000623815
005 20260416000000.0
009 20260416195712.386
037 |a Acervo Xavier Clavigero 
041 |a ESP 
091 |a FHG. 00626 
110 |a Compañía de Jesús.  |b Provincia Mexicana 
245 1 0 |a Plan de formación de la Provincia Mexicana de la Compañía de Jesús / 
264 1 |a México :  |b Buena Prensa,  |c 2005 
300 |a 140 p. 
336 |a texto  |b txt  |2 rdacontenido 
337 |a sin mediación  |b n  |2 rdamedio 
338 |a volumen  |b nc  |2 rdasoporte 
649 |a XX 
700 |a Orozco, Juan Luis  |e (presentación) 
910 |a Fondo Humberto García Bedoy S.J. 
920 |a Impresos - Libros 
930 |a Fondos Especiales 
940 |a Jesuitas 
905 |a 148 
901 |a 623815-10  |b IT2  |c ESP  |i D  |u 20251031 
901 |a 623815-20  |b IT2  |c ESP  |i D  |u 20260323 
902 |a https://opac.biblio.iteso.mx/vufind/Record/000623815